Vector analysis (Record no. 1057)

MARC details
000 -LEADER
Fixed length control field 00414nam a2200169 4500
003 - CONTROL NUMBER IDENTIFIER
Control field SEACOMEC
005 - DATE AND TIME OF LATEST TRANSACTION
Control field 20240511122959.0
008 - FIXED-LENGTH DATA ELEMENTS--GENERAL INFORMATION
Fixed length control field 240511b |||||||| |||| 00| 0 eng d
020 ## - INTERNATIONAL STANDARD BOOK NUMBER / ISBN
Price 90.00
040 ## - CATALOGING SOURCE
Original cataloging agency SEACOMEC
082 ## - DEWEY DECIMAL CLASSIFICATION NUMBER
Classification number 515.63
Book Number C435
100 ## - MAIN ENTRY--PERSONAL NAME
Personal name Chakrabarty, J.G
245 ## - TITLE STATEMENT
Title Vector analysis
Statement of responsibility J.G Chakrabarty and P.R. Ghosh
250 ## - EDITION STATEMENT
Edition statement 4th ed
260 ## - IMPRINT
Place of publication Kolkata
Name of publisher U.n.Dhur
Date of publication 2006
942 ## - ADDED ENTRY ELEMENTS (KOHA)
Koha item type Books
Holdings
Withdrawn status Lost status Source of classification Damaged status Not for loan Home library Current library Date acquired Total Checkouts Call number Accession number Date last seen Price effective from Koha item type Copy number
    Dewey Decimal Classification     SEACOM ENGINEERING COLLEGE SEACOM ENGINEERING COLLEGE 11/05/2024   515.63 C435 5417 11/05/2024 11/05/2024 Books  
    Dewey Decimal Classification     SEACOM ENGINEERING COLLEGE SEACOM ENGINEERING COLLEGE 11/05/2024   515.63 C435 5418 11/05/2024 11/05/2024 Books 1
© Seacom Engineering College, All rights reserved.      Powered by Koha